000 00585nam a22002417a 4500
003 UA-OsUOA
001 26430
007 ta
008 20040601b un ||||| |||| 00| 0 ukr d
100 _aАршинов М.Е.
090 _a519.6
_bА89
942 _cBK
040 _aUA-OsUOA
_brus
_cUA-OsUOA
_dUA-OsUOA
245 _aКоды и математика
_bРассказы о кодировании
300 _a144 с.
955 _a0
041 _arus
080 _a519.6
260 _aМосква
_bНаука
_c1983
044 _aRU
650 7 _2UDC
999 _c312753
_d312753